Vybrané kriminologické a právní aspekty domácího násilí : dva příspěvky k problematice domácího násilí v České republice (empirické poznatky a rozbor vybrané právní problematiky) /

Hlavní autor: Martinková, Milada
Další autoři: Macháčková, Radka
Jazyk: Čeština
Vydáno: Praha : Institut pro kriminologii a sociální prevenci, 2001
Vydání: Vyd. 1.
Edice: Studie (Institut pro kriminologii a sociální prevenci)
Témata:
Fyzický popis: 193 s. ; 21 cm
Knihy
Uloženo v:
LEADER 01623nam a2200409 a 4500
001 000593825
003 CZ BrMZK
005 20120112134719.0
007 ta
008 020408s2001 xr f cze d
015 |a cnb001094245 
020 |a 80-86008-98-3 
035 |a (OCoLC)51190658 
040 |a BOA001  |b cze 
043 |a e-xr---  |b e-xr-pg  |2 czenas 
072 7 |a 364  |x Sociální problémy vyžadující podporu a pomoc. Sociální zabezpečení  |2 Konspekt  |9 18 
080 |a 364.63-027.553  |2 MRF 
080 |a 34  |2 MRF 
080 |a (437.311)  |2 MRF 
080 |a (048.8)  |2 MRF 
080 |a (083.41)  |2 MRF 
100 1 |a Martinková, Milada  |7 ola2004212147  |4 aut 
245 1 0 |a Vybrané kriminologické a právní aspekty domácího násilí :  |b dva příspěvky k problematice domácího násilí v České republice (empirické poznatky a rozbor vybrané právní problematiky) /  |c Milada Martinková, Radka Macháčková 
250 |a Vyd. 1. 
260 |a Praha :  |b Institut pro kriminologii a sociální prevenci,  |c 2001 
300 |a 193 s. ;  |c 21 cm 
490 1 |a Studie 
504 |a Obsahuje bibliografii 
650 0 7 |a domácí násilí  |7 ph137285  |x právní aspekty  |2 czenas 
650 0 7 |a domácí násilí  |7 ph137285  |z Česko  |2 czenas 
655 7 |a studie  |7 fd133597  |2 czenas 
651 7 |a Praha (Česko)  |7 ge118011  |2 czenas 
700 1 |a Macháčková, Radka  |7 jn20001103489  |4 aut 
830 0 |a Studie (Institut pro kriminologii a sociální prevenci)  |0 s 
910 |a BOA001  |b 2-1100.779 
990 |a BK 
996 6 |b 2610158689  |c 2-1100.779  |l MZK  |r Sklad / do 1 hodiny  |n 19  |p p.v.  |w 000593825  |u 000010  |a 1  |e BOA001  |j MZK50  |s P